000 00560nam a2200193Ia 4500
001 517
003 GE_BSU
008 181216s||||||||xx |||||||||||||| ||und||
020 _a9992893796
040 _cGE_BSU
080 _a323.28+343.326+327.84
100 _aხუციშვილი,გიორგი
245 _aტერორიზმი. რა უნდა ვიცოდეთ მის შესახებ?
260 _aთბილისი
260 _c2003
541 _h5 ლ.
653 _aტერორიზმი.
942 _cBK
999 _c34730
_d34730